Coding projects in scratch

Bibliographic Details
Main Author: Woodcock, Jon (Author)
Format: Book
Published: New York : DK Publishing 2016
Subjects:

MARC

LEADER 00000cam a2200000 7i4500
001 0000092796
005 20231022130945.0
008
020 |a 9781465451422 (  |q (paperback)) 
040 |e rda 
041 |a English 
090 0 0 |a 005.133   |b WOO 
100 1 |a Woodcock, Jon ,   |e (author) 
245 1 0 |a Coding projects in scratch   |c Jon Woodcock 
264 1 |a New York :   |b DK Publishing   |c 2016 
300 |a 224 pages :   |b color illustrations ;   |c 24 cm. 
336 |a text  |2 rdacontent 
337 |a unmediated  |2 rdamedia 
338 |a volume  |2 rdacarrier 
541 |c Purchased on 2023   |f 2115-23 ARI   |h RM99.95 
650 0 |a Computer games programming   |x Juvenile literature 
650 0 |a Computer programming 
730 0 |a Title 
999 |a 0001738643   |b Book   |c Adult Collection   |e Perbadanan Perpustakaan Awam Johor 
999 |a 0001738644   |b Book   |c Adult Collection   |e Cawangan Urban Transformation Centre 
999 |a 0001738645   |b Book   |c Adult Collection   |e Cawangan AEON Kulaijaya 
999 |a 0001738646   |b Book   |c Adult Collection   |e Cawangan Tmn. Ungku Tun Aminah 
999 |a 0001738647   |b Book   |c Adult Collection   |e Cawangan Bandar Penawar 
999 |a 0001738648   |b Book   |c Adult Collection   |e Cawangan Segamat 
999 |a 0001738649   |b Book   |c Adult Collection   |e Cawangan Bandar Tenggara 
999 |a 0001738650   |b Book   |c Adult Collection   |e Perbadanan Perpustakaan Awam Johor 
999 |a 0001738651   |b Book   |c Adult Collection   |e Cawangan Bukit Gambir 
999 |a 0001738652   |b Book   |c Adult Collection   |e Cawangan Taman Sri Lambak 
999 |a 0001738653   |b Book   |c Adult Collection   |e Cawangan Kota Tinggi 
999 |a 0001738654   |b Book   |c Adult Collection   |e Cawangan Tangkak 
999 |a 0001738655   |b Book   |c Adult Collection   |e Cawangan Batu Pahat 
999 |a 0001738656   |b Book   |c Adult Collection   |e Cawangan Mersing 
999 |a 0001738657   |b Book   |c Adult Collection   |e Cawangan Muar 
999 |a 0001738658   |b Book   |c Adult Collection   |e Cawangan Pontian